| 000 | 00635nam a2200205Ia 4500 | ||
|---|---|---|---|
| 003 | GCL | ||
| 008 | 140319s9999 xx 000 0 ara d | ||
| 040 |
_aGCL / _cGCL |
||
| 082 | 0 | 4 |
_a320.513 _bح ع |
| 100 | 1 | _aحازم الببلاوى | |
| 245 | 1 | 0 |
_aعن الديموقراطية اللبيرالية قضايا ومشاكل / _cحازم الببلاوى |
| 260 |
_a[S.N] : _bدار الشروق ، _c1993 |
||
| 300 | _a55 ص | ||
| 490 | _a | ||
| 650 | 0 | 4 | _aالديمقراطية |
| 650 | 0 | 4 | _aالليبرالية |
| 650 | 0 | 4 | _aالعلوم السياسية |
| 650 | 0 | 4 | _aالمذاهب السياسية |
| 942 |
_2ddc _cBK |
||
| 999 |
_c29694 _d29694 |
||